000 00567cam a2200169 4500
001 ABS61133
008 000000n1999 000 0 eng u
035 _a(Sirsi) u101698
100 _aCannon, J.
245 _aSmall firms still dominate Europe.
260 _c1999
490 _aBuilding Intelligence
_vAugust 1999, 8-9(2)
520 _aCompares construction industry data for European countries, which shows there are variations between them in terms of size, performance and output.
650 _aBUILT ENVIRONMENT
690 _aOVERSEAS-EUROPE
942 _n0
999 _c60823
_d60823